Refrigeration and Air Conditioning (Record no. 61090)

MARC details
000 -LEADER
fixed length control field 00427nam a2200169Ia 4500
008 - FIXED-LENGTH DATA ELEMENTS--GENERAL INFORMATION
fixed length control field 230525s9999 xx 000 0 und d
020 ## - INTERNATIONAL STANDARD BOOK NUMBER
ISBN 81-224-1429-X
082 ## - DEWEY DECIMAL CLASSIFICATION NUMBER
Classification number 621.382
Item number PRA
100 ## - MAIN ENTRY--AUTHOR NAME
Personal name Manohar Prasad
245 #0 - TITLE STATEMENT
Title Refrigeration and Air Conditioning
250 ## - EDITION STATEMENT
Edition statement 2
260 ## - PUBLICATION, DISTRIBUTION, ETC. (IMPRINT)
Place of publication New Delhi
Name of publisher New Age Pub
Year of publication 2012
300 ## - PHYSICAL DESCRIPTION
Number of Pages XIX,641p;
500 ## - GENERAL NOTE
General note Quantity Number: 1
650 ## - SUBJECT ADDED ENTRY--TOPICAL TERM
Topical Term Mechanics
942 ## - ADDED ENTRY ELEMENTS (KOHA)
Koha item type Books
Holdings
Lost status Damaged status Permanent Location Current Location Shelving location Date acquired Full call number Accession Number Koha item type
    Central Library, Trident Academy of Technology Central Library, Trident Academy of Technology General Stacks 05/25/2023 621.382 PRA 54072 Books
Trident Academy of Technology © 2023.
All rights reserved.                                                                                                                                                                                                        Designed by Team of Central Library .

Powered by Koha